书目信息 |
| 题名: |
选矿厂工艺设备安装与维修
|
|
| 作者: | 孙长泉 , 孙成林 编著 | |
| 分册: | ||
| 出版信息: | 北京 冶金工业出版社 2014.01 |
|
| 页数: | 312页 | |
| 开本: | 26cm | |
| 丛书名: | ||
| 单 册: | ||
| 中图分类: | TD45 | |
| 科图分类: | ||
| 主题词: | 选矿厂--选矿机械--安装 , 选矿厂--选矿机械--维修 | |
| 电子资源: | ||
| ISBN: | 978-7-5024-5247-6 | |
| 000 | 00971nam0 2200241 450 | |
| 001 | 1149 | |
| 005 | 20161008081047.41 | |
| 010 | @a978-7-5024-5247-6@b平装@dCNY62.00 | |
| 100 | @a20100812d2014 em y0chiy0110 ea | |
| 101 | 0 | @achi |
| 102 | @aCN@b110000 | |
| 105 | @ay z 000yy | |
| 200 | 1 | @a选矿厂工艺设备安装与维修@9xuan kuang chang gong yi she bei an zhuang yu wei xiu@f孙长泉,孙成林等编著 |
| 210 | @a北京@c冶金工业出版社@d2014.01 | |
| 215 | @a312页@c图表@d26cm | |
| 330 | @a本书介绍了选矿厂设备安装与维修技术,包括概述、颚式破碎机、旋回破碎机、圆锥破碎机、锤式破碎机、反击式破碎机、辊式破碎机、筛分机械、球磨机与棒磨机、自磨机与砾磨机、分级机械、浮选机械、磁选机械、浓缩机、过滤机等。 | |
| 606 | 0 | @a选矿厂@x选矿机械@x安装 |
| 606 | 0 | @a选矿厂@x选矿机械@x维修 |
| 690 | @aTD45@v4 | |
| 701 | 0 | @a孙长泉@9sun chang quan@f(1935- )@4编著 |
| 701 | 0 | @a孙成林@9sun cheng lin@f(1936- )@4编著 |
| 801 | 0 | @aCN@b唐山师范学院图书馆@c20160830 |
| 905 | @aZUCC@dTD45@e38 | |
| 选矿厂工艺设备安装与维修/孙长泉,孙成林等编著.-北京:冶金工业出版社,2014.01 |
| 312页:图表;26cm |
| ISBN 978-7-5024-5247-6(平装):CNY62.00 |
| 本书介绍了选矿厂设备安装与维修技术,包括概述、颚式破碎机、旋回破碎机、圆锥破碎机、锤式破碎机、反击式破碎机、辊式破碎机、筛分机械、球磨机与棒磨机、自磨机与砾磨机、分级机械、浮选机械、磁选机械、浓缩机、过滤机等。 |
| ● |
| 相关链接 |
|
|
|
|
正题名:选矿厂工艺设备安装与维修
索取号:TD45/38
 
预约/预借
| 序号 | 登录号 | 条形码 | 馆藏地/架位号 | 状态 | 备注 |
| 1 | 907119 | 209071190 | 第二样本阅览室/ [索取号:TD45/38] | 在馆 | |
| 2 | 907120 | 209071207 | 密集书库-化学系/ [索取号:TD45/38] | 在馆 | |
| 3 | 907121 | 209071216 | 第三借阅区/ [索取号:TD45/38] | 在馆 |